|
|
|
|
| LEADER |
00000nab a2200000 a 4500 |
| 001 |
vtls009168796 |
| 003 |
SK-MaSNL |
| 005 |
20260304151218.0 |
| 008 |
250506c2006 xo fr|p|||||||000 b|slo |
| 015 |
|
|
|a SNBRB2007/12
|2 snkbucl
|
| 035 |
|
|
|a (uuid)8cd8a770-17a1-4703-a498-67ab70788e1d
|
| 035 |
|
|
|a urn:nbn:sk:snk-ab11f2
|
| 035 |
|
|
|a (urnnbn)urn:nbn:sk:snk:ar-0058vv
|
| 038 |
|
|
|a SNKBUCL
|
| 040 |
|
|
|a SNKBUCL
|b slo
|c SNKBUCL
|e AACR2
|
| 041 |
0 |
|
|a slo
|
| 044 |
|
|
|a xo
|c SK
|
| 080 |
|
|
|a 630-051
|2 1997
|
| 080 |
|
|
|a 37-051
|2 1997
|
| 080 |
|
|
|a 929 Zachar, Dušan
|2 1997
|
| 100 |
1 |
|
|a Midriak, Rudolf,
|d 1939-
|4 aut
|9 38290
|
| 245 |
1 |
0 |
|a Stratégia života jubilanta - osemdesiatnika - prof. Ing. Dušana Zachara, DrSc.
|c Rudolf Midriak
|
| 600 |
1 |
7 |
|a Zachar, Dušan,
|d 1926-2014
|2 snkbucl
|9 192446
|
| 773 |
0 |
|
|t Lesnícky časopis = Forestry journal
|g Roč. 52, č. 3 (2006), s. 279-282
|x 0323-1046
|
| 850 |
|
|
|a Slovenská národná knižnica
|
| 852 |
|
|
|a Slovenská národná knižnica
|
| 954 |
|
|
|a odborná, vedecká literatúra pôvodná (slovenská)
|2 lita
|
| 958 |
|
|
|a article2022
|
| 958 |
|
|
|a OND
|
| 958 |
|
|
|a BX
|
| 958 |
|
|
|a SK
|
| 958 |
|
|
|a EUIPO
|
| 999 |
|
|
|c 2942170
|d 2944100
|